000 00976nam a22003017a 4500
999 _c67592
_d67592
005 20201023144950.0
020 _c150.00
_a818856401x (भा-1)
020 _c150.00
_a818856401x (भा-1)
020 _c150.00
_a8188564028 (भा-2)
020 _c8188564028 (भा-2 )
035 _aB-143050
035 _aB-143044
035 _aB-143105
035 _aB-143080
035 _aB-143045
035 _aB-14304 , B-143065
035 _aB-143085
035 _aB-143038
037 _b
_adpl
082 _a613
100 _aकीर्ति, चैतन्य
245 1 _aभोजन और स्वास्थ्य /
_cचैतन्य कीर्ति
260 _aदिल्ली
_bअनमोल साहित्य
_c2006
270 _a
_b
_e
_k
300 _a2भा.(112पृ.119पृ.)
_c22सेमी (सजिल्द)
700 _a
_948488
942 _adpl
_cHN
_k
_2ddc
_h613
_mकीर्तिचै